Southville International School and Colleges
Your cart is empty.
  • Cart
  • Lists
    Public lists Eva Luna New books Lux_list list_1
    Your lists Log in to create your own lists
  • Log in to your account
  • Your cookies
  • Search history
Southville International School and Colleges
  • Advanced search
  • Recent comments
  • Most popular
  • Libraries

Log in to your account

Log in with GOOGLE


If you do not have an external account, but do have a local account, you can still log in:

  1. Home
  2. MARC view: The beginner's guide human anatomy :
Normal view MARC view ISBD view

The beginner's guide human anatomy : (Record no. 6897)

[ view plain ]
MARC details
000 -LEADER
fixed length control field 00715nam a22002297a 4500
003 - CONTROL NUMBER IDENTIFIER
control field OSt
005 - DATE AND TIME OF LATEST TRANSACTION
control field 20140310181919.0
008 - FIXED-LENGTH DATA ELEMENTS--GENERAL INFORMATION
fixed length control field 130717t xxu||||| |||| 00| 0 eng d
020 ## - INTERNATIONAL STANDARD BOOK NUMBER
International Standard Book Number 1843300575
050 ## - LIBRARY OF CONGRESS CALL NUMBER
Classification number NC 760
Item number .H823 2002
082 ## - DEWEY DECIMAL CLASSIFICATION NUMBER
Classification number TR 743.49
Item number H78 2002
100 ## - MAIN ENTRY--PERSONAL NAME
Personal name Horton, James
9 (RLIN) 1410
245 ## - TITLE STATEMENT
Title The beginner's guide human anatomy :
Remainder of title an artist's step-by-step guide to techniques and materials /
Statement of responsibility, etc James Horton.
260 ## - PUBLICATION, DISTRIBUTION, ETC. (IMPRINT)
Place of publication, distribution, etc London :
Name of publisher, distributor, etc New Holland Publishers,
Date of publication, distribution, etc c2002.
300 ## - PHYSICAL DESCRIPTION
Extent 80 p. :
Other physical details illus. (col.) ;
Dimensions 27 cm.
521 ## - TARGET AUDIENCE NOTE
Target audience note
541 ## - IMMEDIATE SOURCE OF ACQUISITION NOTE
-- 1
562 ## - COPY AND VERSION IDENTIFICATION NOTE
Number of copies 1
650 ## - SUBJECT ADDED ENTRY--TOPICAL TERM
Topical term or geographic name as entry element Anatomy, Artistic.
9 (RLIN) 1411
650 ## - SUBJECT ADDED ENTRY--TOPICAL TERM
Topical term or geographic name as entry element Drawing--Technique.
9 (RLIN) 1412
942 ## - ADDED ENTRY ELEMENTS (KOHA)
Source of classification or shelving scheme Library of Congress Classification
Koha item type
Call number prefix
Holdings
Withdrawn status Lost status Source of classification or shelving scheme Damaged status Home library Current library Shelving location Date acquired Total Checkouts Full call number Barcode Date last seen Copy number Price effective from Koha item type
    Library of Congress Classification   Luxembourg Library Luxembourg Library Teachers Reference Section 07/17/2013   NC 760 .H823 2002 12860 08/13/2013 1 07/17/2013 Books

The beginner's guide human anatomy :

APA

Horton J., . (2002). The beginner's guide human anatomy. London: New Holland Publishers.

Chicago

Horton James, . 2002. The beginner's guide human anatomy. London: New Holland Publishers.

Harvard

Horton J., . (2002). The beginner's guide human anatomy. London: New Holland Publishers.

MLA

Horton James, . The beginner's guide human anatomy. London: New Holland Publishers. 2002.

  • Place hold
  • Print
  • Cite
  • Add to your cart (remove)
  • Save record
    BIBTEX Dublin Core MARCXML MARC (non-Unicode/MARC-8) MARC (Unicode/UTF-8) MARC (Unicode/UTF-8, Standard) MODS (XML) RIS
  • More searches
    Search for this title in:
    Other Libraries (WorldCat) Other Databases (Google Scholar) Online Stores (Bookfinder.com) Open Library (openlibrary.org)

Exporting to Dublin Core...

SOUTHVILLE LIBRARY

Southville International School and Colleges Library

1281 Tropical Ave. Cor. Luxembourg St., BF Homes International, Las Pinas City

Tel. No. 8256374 / 252358 Loc. 117/146

Powered by Koha